[Event "4NCL Division 4 South"]
[Site "Reading, ENG"]
[Date "2017.04.29"]
[Round "9.54"]
[White "Cooke, Charlie"]
[Black "Ireland, David J"]
[Result "0-1"]
[WhiteElo "1816"]
[BlackElo "2027"]
[PlyCount "40"]
[EventDate "2017.04.29"]
[WhiteTeam "CSC Rhinos (2)"]
[BlackTeam "Throw in the Tal 1"]

1. d4 Nf6 2. c4 c5 3. d5 b5 4. cxb5 a6 5. Nc3 axb5 6. Nxb5 Ba6 7. Nc3 Qa5 8. f3
d6 9. e4 Bxf1 10. Kxf1 Nbd7 11. Nge2 g6 12. Kf2 Bg7 13. Qd3 O-O 14. Rd1 Ne5 15.
Qc2 c4 16. a3 Qb6+ 17. Be3 Nfg4+ 18. fxg4 Nxg4+ 19. Kf3 Qxe3+ 20. Kxg4 h5+ 0-1

[Event "4NCL Division 4 South"]
[Site "Reading, ENG"]
[Date "2017.04.29"]
[Round "9.55"]
[White "Price, Andrew"]
[Black "Towers, Nigel S"]
[Result "1/2-1/2"]
[WhiteElo "1870"]
[BlackElo "1800"]
[PlyCount "79"]
[EventDate "2017.04.29"]
[WhiteTeam "Throw in the Tal 1"]
[BlackTeam "CSC Rhinos (2)"]

1. e4 c6 2. d4 d5 3. Nd2 dxe4 4. Nxe4 Bf5 5. Ng3 Bg6 6. Nf3 Nd7 7. Bc4 e6 8.
Qe2 Ngf6 9. Bg5 Be7 10. Ne5 Nxe5 11. dxe5 Nd5 12. Bxe7 Qxe7 13. O-O O-O 14.
Bxd5 cxd5 15. c3 Rac8 16. Rad1 Rc4 17. f4 Qc5+ 18. Qf2 Qxf2+ 19. Rxf2 Rd8 20.
h4 h6 21. h5 Bh7 22. Ne2 Bf5 23. g3 Bg4 24. Rh2 Re4 25. Rd2 Bxe2 26. Rhxe2 Rc4
{(=)} 27. Re3 Rdc8 28. Red3 Kf8 29. Rd4 Ke7 30. Kf2 R8c7 31. Ke3 Rc8 32. R2d3
b5 33. Kd2 a5 34. b3 R4c7 35. a4 Rc5 36. axb5 Rxb5 37. Kc2 Rbc5 38. Ra4 R8c7
39. b4 axb4 40. Rxb4 1/2-1/2

[Event "4NCL Division 4 South"]
[Site "Reading, ENG"]
[Date "2017.04.29"]
[Round "9.56"]
[White "Cresswell, Mike J"]
[Black "Goodwin, Ed H"]
[Result "1/2-1/2"]
[WhiteElo "1701"]
[BlackElo "1907"]
[PlyCount "45"]
[EventDate "2017.04.29"]
[WhiteTeam "CSC Rhinos (2)"]
[BlackTeam "Throw in the Tal 1"]

1. e4 e6 2. d4 d5 3. Nc3 Bb4 4. e5 c5 5. a3 Bxc3+ 6. bxc3 Ne7 7. f4 Qc7 8. Nf3
b6 9. Bd3 Ba6 10. Bxa6 Nxa6 11. O-O cxd4 12. Qd3 Qc4 13. Qxc4 dxc4 14. Nxd4 Nc7
15. a4 O-O 16. Ba3 Rfe8 17. Bxe7 Rxe7 18. Rad1 Na6 19. a5 bxa5 20. Nc6 Rc7 21.
Nxa5 g6 22. Rd4 Rac8 23. Rfd1 1/2-1/2

[Event "4NCL Division 4 South"]
[Site "Reading, ENG"]
[Date "2017.04.29"]
[Round "9.61"]
[White "Gregory, Stephen J"]
[Black "Davis, Holden"]
[Result "1/2-1/2"]
[WhiteElo "2095"]
[BlackElo "1786"]
[PlyCount "56"]
[EventDate "2017.04.29"]
[WhiteTeam "Anglian Avengers 3"]
[BlackTeam "Cambridge University 3"]

1. e4 e6 2. d3 d5 3. Nd2 Nf6 4. g3 Nc6 5. Bg2 dxe4 6. dxe4 e5 7. Ngf3 Bc5 8.
O-O O-O 9. h3 a5 10. Qe2 Qe7 11. Nb3 Ba7 12. Kh2 Be6 13. c3 a4 14. Nbd2 Rfd8
15. Ng5 Ng4+ 16. hxg4 Qxg5 17. Bh3 Qe7 18. f4 f6 19. Nf3 Qc5 20. Re1 Bc4 21.
Qg2 Rd3 22. g5 Qf2 23. Qxf2 Bxf2 24. Bf1 Bxe1 25. Nxe1 Rad8 26. Nxd3 Bxd3 27.
Bg2 fxg5 28. Be3 Bc4 1/2-1/2

[Event "4NCL Division 4 South"]
[Site "Reading, ENG"]
[Date "2017.04.29"]
[Round "9.62"]
[White "Phillips, William"]
[Black "Burnett, Leon P"]
[Result "1/2-1/2"]
[WhiteElo "1849"]
[BlackElo "2005"]
[PlyCount "117"]
[EventDate "2017.04.29"]
[WhiteTeam "Cambridge University 3"]
[BlackTeam "Anglian Avengers 3"]

1. d4 Nf6 2. Nf3 e6 3. e3 b6 4. Bd3 Bb7 5. O-O Be7 6. c4 d6 7. Nc3 Nbd7 8. b3
O-O 9. Bb2 c5 10. Re1 a6 11. Rc1 Qc7 12. e4 cxd4 13. Nxd4 Rad8 14. Bb1 Qb8 15.
f4 Rfe8 16. f5 Bf8 17. fxe6 fxe6 18. g4 g6 19. g5 Nh5 20. Qg4 Ne5 21. Qh3 Bc8
22. Rf1 Qc7 23. Qg2 Bg7 24. Nce2 Rf8 25. Rxf8+ Rxf8 26. Rf1 Qe7 27. Rxf8+ Bxf8
28. Nf3 Nxf3+ 29. Qxf3 Qxg5+ 30. Ng3 e5 31. Kh1 Bg4 32. Qf2 Nf4 33. Bc1 Bh6 34.
Bxf4 Qxf4 35. Qxf4 exf4 36. Nf1 Kf7 37. Kg2 Ke6 38. Nd2 Bg7 39. Nf3 Bf6 40. b4
g5 41. a4 Kd7 42. Bd3 h6 43. c5 bxc5 44. bxc5 dxc5 45. Bxa6 Be6 46. Bb5+ Kc7
47. Nd2 g4 48. Nc4 Bc8 49. e5 Bb7+ 50. Kg1 Be7 51. a5 h5 52. a6 Ba8 53. a7 h4
54. Be8 g3 55. hxg3 hxg3 56. Na5 c4 57. Bc6 Bb4 58. Bxa8 Bxa5 59. Bd5 1/2-1/2

[Event "4NCL Division 4 South"]
[Site "Reading, ENG"]
[Date "2017.04.29"]
[Round "9.63"]
[White "Cocks, Elliot"]
[Black "Dhemrait, Jagdeep"]
[Result "1-0"]
[WhiteElo "1990"]
[BlackElo "1802"]
[PlyCount "93"]
[EventDate "2017.04.29"]
[WhiteTeam "Anglian Avengers 3"]
[BlackTeam "Cambridge University 3"]

1. Nf3 c5 2. g3 d6 3. Bg2 Nc6 4. O-O g6 5. c4 Bg7 6. Nc3 e6 7. e3 Nge7 8. d4
cxd4 9. exd4 d5 10. c5 a6 11. Re1 O-O 12. Rb1 Nf5 13. Be3 f6 14. Bf4 Re8 15. g4
Nh6 16. h3 g5 17. Bc1 Nf7 18. b4 b5 19. a4 Rb8 20. axb5 axb5 21. Bf1 Ba6 22.
Qb3 Qc8 23. Ra1 Re7 24. Bd2 Ra7 25. Ra3 Nfd8 26. Rea1 Qb7 27. Bd3 h6 28. Kg2 f5
29. Ne2 f4 30. h4 Bf6 31. hxg5 hxg5 32. Rh1 Nf7 33. Rh7 Qd7 34. Bg6 Rf8 35. Qb1
e5 36. Bf5 Qe8 37. Qh1 Bh8 38. Qh5 Ne7 39. Rxh8+ Kg7 40. Qh7+ Kf6 41. dxe5+
Nxe5 42. Rxf8+ Qxf8 43. Bc3 N7c6 44. Bxe5+ Nxe5 45. Qxa7 Nxf3 46. Rxa6+ Ke5 47.
Re6# 1-0

[Event "4NCL Division 4 South"]
[Site "Reading, ENG"]
[Date "2017.04.29"]
[Round "9.64"]
[White "Breed, Greg J"]
[Black "Lunn, Timothy"]
[Result "0-1"]
[WhiteElo "1757"]
[BlackElo "1937"]
[PlyCount "46"]
[EventDate "2017.04.29"]
[WhiteTeam "Cambridge University 3"]
[BlackTeam "Anglian Avengers 3"]

1. d4 Nf6 2. Nf3 g6 3. c4 Bg7 4. Nc3 O-O 5. e4 d6 6. h3 Na6 7. Be2 e5 8. dxe5
dxe5 9. Be3 Qe8 10. O-O c6 11. a3 Qe7 12. Qc2 Nh5 13. Rfe1 Nf4 14. Rad1 Nxe2+
15. Rxe2 Be6 16. b3 h6 17. Qc1 Kh7 18. Red2 f5 19. exf5 gxf5 20. Rd6 f4 21.
Rxe6 Qxe6 22. Bd2 Nc5 23. Ne1 Qf5 0-1

[Event "4NCL Division 4 South"]
[Site "Reading, ENG"]
[Date "2017.04.29"]
[Round "9.65"]
[White "Hall, Antony C"]
[Black "Dhemrait, Surjit S"]
[Result "1-0"]
[WhiteElo "1900"]
[BlackElo "1500"]
[PlyCount "82"]
[EventDate "2017.04.29"]
[WhiteTeam "Anglian Avengers 3"]
[BlackTeam "Cambridge University 3"]

1. e4 c5 2. Nf3 Nc6 3. d4 cxd4 4. Nxd4 e5 5. Nb5 a6 6. Nd6+ Bxd6 7. Qxd6 Qf6 8.
Qd1 Qg6 9. Nc3 Nf6 10. f3 O-O 11. Be3 b5 12. g4 h6 13. h4 Nh7 14. Nd5 Qd6 15.
Nb6 Qxd1+ 16. Rxd1 Rb8 17. c3 Rb7 18. a4 Rd8 19. Be2 Nd4 20. cxd4 Rxb6 21. dxe5
Rb7 22. axb5 axb5 23. b4 Nf8 24. Kf2 Ng6 25. f4 Ne7 26. Rd6 Nc6 27. Bc5 Re8 28.
Kf3 Re6 29. Ra1 Rb8 30. Ke3 Rxd6 31. Bxd6 Nxb4 32. Bxb4 Bb7 33. Ra7 Bc6 34. Kd4
f6 35. exf6 gxf6 36. Bd6 Re8 37. Bd3 Kf7 38. Bc2 Kg7 39. e5 fxe5+ 40. Bxe5+ Kf7
41. f5 Kg8 1-0

[Event "4NCL Division 4 South"]
[Site "Reading, ENG"]
[Date "2017.04.29"]
[Round "9.66"]
[White "Dhemrait, Manav"]
[Black "Woodcock, Keith D"]
[Result "0-1"]
[WhiteElo "1285"]
[BlackElo "1690"]
[PlyCount "56"]
[EventDate "2017.04.29"]
[WhiteTeam "Cambridge University 3"]
[BlackTeam "Anglian Avengers 3"]

1. e4 c5 2. Nf3 g6 3. Nc3 Bg7 4. Bc4 Nc6 5. d3 Nf6 6. O-O O-O 7. Bg5 h6 8. Be3
b6 9. Qd2 Kh7 10. Nh4 e6 11. f4 Ng4 12. Nf3 Nb4 13. Bb3 d5 14. a3 Nxe3 15. Qxe3
d4 16. Qe1 Nxd3 17. cxd3 dxc3 18. bxc3 Qxd3 19. e5 Bb7 20. Qc1 Rad8 21. Bc2 Qc4
22. Nh4 Bxe5 23. fxe5 Qxh4 24. Rf6 Qg5 25. Qf1 Kg7 26. Rd1 Rxd1 27. Bxd1 Qxe5
28. Bc2 Qxf6 0-1

[Event "4NCL Division 4 South"]
[Site "Reading, ENG"]
[Date "2017.04.29"]
[Round "9.71"]
[White "Pott, Laurie"]
[Black "Higgie, Charles L"]
[Result "1/2-1/2"]
[WhiteElo "1812"]
[BlackElo "1945"]
[PlyCount "102"]
[EventDate "2017.04.29"]
[WhiteTeam "Iceni 2"]
[BlackTeam "Shropshire 2"]

1. d4 Nf6 2. Bf4 d6 3. e3 Nbd7 4. Nf3 g6 5. Be2 Bg7 6. h3 O-O 7. O-O Qe8 8. c3
e5 9. Bh2 Ne4 10. Nbd2 d5 11. Nxe4 dxe4 12. Nd2 Nb6 13. Nc4 Be6 14. Nxb6 axb6
15. Qc2 f5 16. b3 Bf7 17. Rad1 g5 18. Bxe5 Bxe5 19. dxe5 Qxe5 20. Rd7 Be6 21.
Bc4 Bxc4 22. bxc4 Qc5 23. Qe2 f4 24. Qh5 Qf5 25. Rd5 Qf6 26. Qxg5+ Qxg5 27.
Rxg5+ Kh8 28. exf4 Rxf4 29. Rd1 h6 30. Rg4 Rxg4 31. hxg4 Rxa2 32. Rd7 Rc2 33.
Rxc7 Rxc3 34. Rxb7 Rxc4 35. Rxb6 Kg7 36. Re6 Rc1+ 37. Kh2 Rc2 38. Kg3 Re2 39.
f3 e3 40. Kf4 Rxg2 41. Rxe3 Ra2 42. Kf5 Kf7 43. Re5 Ra6 44. f4 Rf6+ 45. Ke4 Ra6
46. Rb5 Kf6 47. Rf5+ Kg6 48. Rd5 Kf6 49. g5+ hxg5 50. Rxg5 Ra4+ 51. Kf3 Ra1
1/2-1/2

[Event "4NCL Division 4 South"]
[Site "Reading, ENG"]
[Date "2017.04.29"]
[Round "9.72"]
[White "Ansari, Athar"]
[Black "Collins, Jonathan"]
[Result "1-0"]
[WhiteElo "1937"]
[BlackElo "1797"]
[PlyCount "147"]
[EventDate "2017.04.29"]
[WhiteTeam "Shropshire 2"]
[BlackTeam "Iceni 2"]

1. e4 Nc6 2. Bc4 e5 3. Nf3 Be7 4. d4 exd4 5. Nxd4 Nf6 6. Nxc6 dxc6 7. Qe2 O-O
8. Bf4 Qd4 9. Nc3 Bb4 10. O-O Bxc3 11. bxc3 Qxe4 12. Bxc7 Qxe2 13. Bxe2 Nd5 14.
Ba5 Nf4 15. Bf3 Be6 16. g3 Bd5 17. Bxd5 Nxd5 18. c4 Nf6 19. Rad1 b6 20. Bd2 h6
21. f3 Rad8 22. Bc3 Rfe8 23. Bxf6 gxf6 24. Kf2 Kf8 25. Rd3 Rxd3 26. cxd3 Re5
27. Rc1 Ke7 28. Rc2 Kd6 29. d4 Ra5 30. Ke3 Ra3+ 31. Ke4 f5+ 32. Kf4 Rd3 33.
Kxf5 Rxf3+ 34. Kg4 Rd3 35. Kh5 Rxd4 36. Kxh6 Ke7 37. Kg5 Kf8 38. h4 Kg7 39. h5
f6+ 40. Kf5 Rd3 41. g4 Rf3+ 42. Ke4 Rg3 43. Kf4 Rg1 44. Rd2 Rf1+ 45. Ke4 Re1+
46. Kf5 Rf1+ 47. Ke6 Re1+ 48. Kd7 c5 49. Kc6 Re6+ 50. Kb5 Re7 51. Rd6 Kf7 52.
a4 Rc7 53. Rc6 Re7 54. a5 bxa5 55. Rxc5 Ke6 56. Kxa5 Kd6 57. Rd5+ Kc6 58. h6
Rh7 59. Rh5 Kd6 60. c5+ Kc6 61. Ka6 f5 62. g5 f4 63. g6 Re7 64. Rf5 Re1 65.
Kxa7 Re7+ 66. Ka6 Re8 67. Rf6+ Kxc5 68. g7 Ra8+ 69. Kb7 Re8 70. Rxf4 Re7+ 71.
Kc8 Ra7 72. Kb8 Ra6 73. Rf5+ Kd4 74. g8=Q 1-0

[Event "4NCL Division 4 South"]
[Site "Reading, ENG"]
[Date "2017.04.29"]
[Round "9.73"]
[White "Lovell, Steve"]
[Black "Lewis, Christopher D"]
[Result "1/2-1/2"]
[WhiteElo "1778"]
[BlackElo "1937"]
[PlyCount "67"]
[EventDate "2017.04.29"]
[WhiteTeam "Iceni 2"]
[BlackTeam "Shropshire 2"]

1. e4 c6 2. d4 d5 3. f3 dxe4 4. fxe4 e5 5. Nf3 exd4 6. Bc4 Nd7 7. O-O Ngf6 8.
c3 Be7 9. e5 Nd5 10. cxd4 O-O 11. Nc3 N7b6 12. Bb3 Be6 13. Ne4 Nc7 14. Bc2 Bd5
15. a4 Rc8 16. a5 Nba8 17. Nfg5 h6 18. Nh3 Ne6 19. Be3 c5 20. dxc5 Bxe4 21.
Bxe4 Bxc5 22. Qe2 b6 23. axb6 Qxb6 24. Bxc5 Rxc5 25. Kh1 Nac7 26. Nf4 Nxf4 27.
Rxf4 Ne6 28. Rff1 Qc7 29. Rae1 Nd4 30. Qe3 Nc2 31. Bxc2 Rxc2 32. Rc1 Rxc1 33.
Rxc1 Qb7 34. Qd4 1/2-1/2

[Event "4NCL Division 4 South"]
[Site "Reading, ENG"]
[Date "2017.04.29"]
[Round "9.74"]
[White "Tarr, Steve F"]
[Black "Carter, Dominic A"]
[Result "0-1"]
[WhiteElo "1825"]
[BlackElo "1677"]
[PlyCount "50"]
[EventDate "2017.04.29"]
[WhiteTeam "Shropshire 2"]
[BlackTeam "Iceni 2"]

1. d4 Nf6 2. Bf4 c5 3. e3 Qb6 4. Nc3 e6 5. Nb5 Nd5 6. Bg3 a6 7. e4 axb5 8. exd5
cxd4 9. dxe6 Bb4+ 10. c3 Qxe6+ 11. Qe2 dxc3 12. Qxe6+ fxe6 13. b3 c2+ 14. Ke2
Rxa2 15. Rc1 Ba3 16. Bf4 Bxc1 17. Bxc1 O-O 18. Nf3 Nc6 19. Kd2 d5 20. Bxb5 e5
21. Rf1 e4 22. Ne1 Nd4 23. Ba4 b5 24. Kc3 Ne2+ 25. Kd2 bxa4 0-1

[Event "4NCL Division 4 South"]
[Site "Reading, ENG"]
[Date "2017.04.29"]
[Round "9.75"]
[White "Thatte, Nishchal"]
[Black "Ross, Stuart"]
[Result "1/2-1/2"]
[WhiteElo "1598"]
[BlackElo "1720"]
[PlyCount "69"]
[EventDate "2017.04.29"]
[WhiteTeam "Iceni 2"]
[BlackTeam "Shropshire 2"]

1. e4 c5 2. c3 Nf6 3. e5 Nd5 4. d4 cxd4 5. Nf3 Nc6 6. Bc4 Nb6 7. Bb3 d6 8. exd6
Qxd6 9. cxd4 Be6 10. Nc3 Bxb3 11. axb3 e6 12. O-O Be7 13. Nb5 Qd8 14. Bf4 Nd5
15. Bg3 O-O 16. Re1 a6 17. Nc3 Bf6 18. Qd2 Qb6 19. Nxd5 exd5 20. Bd6 Rfd8 21.
Bc5 Qc7 22. Rac1 b6 23. Ba3 Qd7 24. Ne5 Nxe5 25. dxe5 Be7 26. Bxe7 Qxe7 27. Rc6
Qb7 28. Rd6 Rxd6 29. exd6 Qc6 30. Qf4 Re8 31. Rc1 h6 32. h3 Qd7 33. Rc7 Qe6 34.
Qe3 Rd8 35. d7 1/2-1/2

[Event "4NCL Division 4 South"]
[Site "Reading, ENG"]
[Date "2017.04.29"]
[Round "9.76"]
[White "Peck, Windsor W A"]
[Black "Rowles, Sarah"]
[Result "1-0"]
[WhiteElo "1547"]
[BlackElo "1540"]
[PlyCount "61"]
[EventDate "2017.04.29"]
[WhiteTeam "Shropshire 2"]
[BlackTeam "Iceni 2"]

1. d4 d5 2. Nf3 Nf6 3. e3 c5 4. b3 Nc6 5. Bb2 e6 6. Bd3 cxd4 7. exd4 Bd6 8. O-O
O-O 9. a3 Qc7 10. Re1 b6 11. Nbd2 Bb7 12. Ne5 Rfd8 13. f4 Bf8 14. Re3 Ne7 15.
Rc1 Nf5 16. Rh3 g6 17. g4 Ng7 18. Ndf3 Bd6 19. Ng5 Rf8 20. Qe1 h5 21. gxh5 Bxe5
22. fxe5 Nfxh5 23. Qh4 Qe7 24. Rf1 Nf5 25. Bxf5 exf5 26. Rxf5 Bc8 27. e6 Bxe6
28. Re5 Rae8 29. Rhe3 Qf6 30. Rf3 Qe7 31. Bc1 1-0

[Event "4NCL Division 4 South"]
[Site "Reading, ENG"]
[Date "2017.04.29"]
[Round "9.81"]
[White "Karia, Rishul"]
[Black "Stoyanov, Viktor"]
[Result "1/2-1/2"]
[WhiteElo "1915"]
[BlackElo "1930"]
[PlyCount "59"]
[EventDate "2017.04.29"]
[WhiteTeam "Barnet Knights 2"]
[BlackTeam "Sandhurst Cadets"]

1. e4 c5 2. Nc3 Nc6 3. f4 g6 4. Nf3 Bg7 5. Bc4 e6 6. O-O Nge7 7. e5 d5 8. Bb5
O-O 9. Bxc6 Nxc6 10. d4 cxd4 11. Ne2 f6 12. Nexd4 fxe5 13. Nxc6 bxc6 14. Nxe5
Qb6+ 15. Kh1 Bxe5 16. fxe5 Ba6 17. Re1 Qf2 18. Be3 Qh4 19. Qd4 {(=)} Qxd4 20.
Bxd4 Rf4 21. c3 Bd3 22. Rad1 Be4 23. Kg1 a5 24. Rf1 Rf5 25. Rd2 a4 26. a3 Rb8
27. g3 Rb5 28. Rxf5 gxf5 29. Be3 Rb7 30. Kf2 1/2-1/2

[Event "4NCL Division 4 South"]
[Site "Reading, ENG"]
[Date "2017.04.29"]
[Round "9.82"]
[White "Vallis, Luke"]
[Black "Balouka Myers, Gabriel"]
[Result "1-0"]
[WhiteElo "1960"]
[BlackElo "1825"]
[PlyCount "87"]
[EventDate "2017.04.29"]
[WhiteTeam "Sandhurst Cadets"]
[BlackTeam "Barnet Knights 2"]

1. c4 c6 2. g3 d5 3. cxd5 cxd5 4. Bg2 Nf6 5. d4 Nc6 6. Nc3 e6 7. e3 Bd6 8. Nge2
a6 9. O-O Bd7 10. Re1 h5 11. e4 dxe4 12. Nxe4 Nxe4 13. Bxe4 h4 14. Bf4 Bxf4 15.
Nxf4 hxg3 16. hxg3 Qg5 17. Kg2 Rh4 18. Nh3 Qg4 19. Qxg4 Rxg4 20. f3 Rxe4 21.
Rxe4 f5 22. Rh4 Kf7 23. Ng1 Kf6 24. Ne2 g5 25. Rh6+ Kg7 26. Rah1 Be8 27. Rh7+
Kf6 28. f4 g4 29. R1h6+ Bg6 30. Rh8 Ra7 31. R8h7 Nd8 32. Rd7 Nf7 33. Rh1 Ra8
34. Rxb7 Rc8 35. Rc1 Rd8 36. Rb6 Nd6 37. Rxa6 Be8 38. a4 Ne4 39. b4 Rb8 40. b5
Bd7 41. Nc3 Nd2 42. Nd5+ Kg6 43. Rc7 Be8 44. Rxe6+ 1-0

[Event "4NCL Division 4 South"]
[Site "Reading, ENG"]
[Date "2017.04.29"]
[Round "9.83"]
[White "Balouka Myers, Reuben"]
[Black "Isaksen, Peter A"]
[Result "0-1"]
[WhiteElo "1675"]
[BlackElo "1877"]
[PlyCount "52"]
[EventDate "2017.04.29"]
[WhiteTeam "Barnet Knights 2"]
[BlackTeam "Sandhurst Cadets"]

1. Nf3 c5 2. g3 Nf6 3. Bg2 d5 4. O-O Nc6 5. d4 e6 6. b3 b6 7. Bf4 Ba6 8. Re1
Ne4 9. c4 g5 10. cxd5 exd5 11. Be3 Bg7 12. Qc2 Nxd4 13. Bxd4 cxd4 14. Nbd2 Rc8
15. Qb2 Nc3 16. e4 O-O 17. e5 Re8 18. Nb1 Nxb1 19. Raxb1 d3 20. Qd2 Rc2 21.
Qxg5 Qxg5 22. Nxg5 d2 23. Red1 Be2 24. Bxd5 Bxd1 25. Bxf7+ Kf8 26. Bxe8 Rc1 0-1

[Event "4NCL Division 4 South"]
[Site "Reading, ENG"]
[Date "2017.04.29"]
[Round "9.84"]
[White "Kadambadi, Nikhil"]
[Black "Willmoth, Harrison"]
[Result "0-1"]
[WhiteElo "1862"]
[BlackElo "1720"]
[PlyCount "108"]
[EventDate "2017.04.29"]
[WhiteTeam "Sandhurst Cadets"]
[BlackTeam "Barnet Knights 2"]

1. e4 d6 2. d4 Nf6 3. Nc3 c6 4. Nf3 Bg4 5. Be2 e6 6. O-O Bxf3 7. Bxf3 d5 8. Bg5
Be7 9. Qd2 O-O 10. Rfe1 Re8 11. Rab1 Nfd7 12. Bf4 Nb6 13. Qd3 Bd6 14. e5 Be7
15. b4 Qc7 16. Be3 N8d7 17. Bg4 Nf8 18. f4 f5 19. Bh5 Rec8 20. Rb3 Nc4 21. Na4
Nd7 22. Nc5 Nxc5 23. bxc5 b6 24. Bf2 bxc5 25. dxc5 Rcb8 26. Qc3 Qa5 27. Qxa5
Nxa5 28. Rbb1 Nb7 29. Be8 Na5 30. Bh5 g6 31. Bf3 Nb7 32. c4 Nxc5 33. cxd5 cxd5
34. Red1 Kf7 35. Rbc1 Ne4 36. Bxe4 fxe4 37. Rc7 Rc8 38. Rdc1 Rxc7 39. Rxc7 Ke8
40. Bxa7 Rxa7 41. Rxa7 Bc5+ 42. Kf1 Bxa7 43. Ke2 d4 44. g4 d3+ 45. Kd2 Bd4 46.
h4 h5 47. g5 Kd7 48. a4 Bb6 49. a5 Bxa5+ 50. Ke3 d2 51. Ke2 e3 52. Kd1 Kc6 53.
Ke2 Kd5 54. f5 exf5 0-1

[Event "4NCL Division 4 South"]
[Site "Reading, ENG"]
[Date "2017.04.29"]
[Round "9.85"]
[White "Karia, Devin"]
[Black "Thornley, Oliver"]
[Result "1-0"]
[WhiteElo "1622"]
[BlackElo "1630"]
[PlyCount "105"]
[EventDate "2017.04.29"]
[WhiteTeam "Barnet Knights 2"]
[BlackTeam "Sandhurst Cadets"]

1. d4 Nf6 2. Nf3 g6 3. Bf4 Bg7 4. e3 d6 5. h3 Nbd7 6. c4 O-O 7. Be2 Ne8 8. Nc3
e5 9. dxe5 dxe5 10. Nxe5 Qe7 11. Nxd7 Bxd7 12. Qd2 Bf5 13. Nd5 Qd7 14. Rd1 Rd8
15. Qb4 Nd6 16. c5 c6 17. Bxd6 cxd5 18. Bxf8 Bxf8 19. O-O b6 20. Qb5 Qe6 21. c6
Bd6 22. Bg4 Qe5 23. g3 h5 24. Bxf5 gxf5 25. Qxd5 Qxb2 26. Qxf5 Qg7 27. Qxh5 Kf8
28. Rd5 Ke7 29. Qg5+ Qf6 30. Qxf6+ Kxf6 31. Rfd1 Ke7 32. Rxd6 Rxd6 33. Rxd6
Kxd6 34. h4 Kxc6 35. h5 f5 36. h6 f4 37. gxf4 Kb5 38. h7 a6 39. h8=Q Ka4 40.
Qb2 b5 41. Qb3+ Ka5 42. Qa3+ Kb6 43. Kf1 a5 44. Qd6+ Kb7 45. Ke2 b4 46. Kd3 a4
47. Qxb4+ Kc7 48. Qxa4 Kd6 49. Qa5 Kc6 50. Kd4 Kb7 51. Kc5 Kb8 52. Kc6 Kc8 53.
Qa8# 1-0

[Event "4NCL Division 4 South"]
[Site "Reading, ENG"]
[Date "2017.04.29"]
[Round "9.86"]
[White "Vallis, Nicholas J"]
[Black "Karia, Kamlesh"]
[Result "1/2-1/2"]
[WhiteElo "1499"]
[BlackElo "1622"]
[PlyCount "53"]
[EventDate "2017.04.29"]
[WhiteTeam "Sandhurst Cadets"]
[BlackTeam "Barnet Knights 2"]

1. c4 Nf6 2. Nc3 d5 3. cxd5 Nxd5 4. g3 c6 5. Bg2 g6 6. d3 Bg7 7. Qb3 Nxc3 8.
bxc3 O-O 9. Bb2 Qb6 10. Rb1 Qxb3 11. axb3 Nd7 12. c4 Nf6 13. Nf3 a5 14. O-O Nd7
15. Bxg7 Kxg7 16. Ra1 c5 17. Nd2 Ra7 18. Ne4 b6 19. Nc3 Bb7 20. Rfb1 Bxg2 21.
Kxg2 Raa8 22. Re1 e6 23. e3 Rfd8 24. d4 cxd4 25. exd4 Nf6 26. Rad1 Rdc8 27. Re2
1/2-1/2

[Event "4NCL Division 4 South"]
[Site "Reading, ENG"]
[Date "2017.04.29"]
[Round "9.91"]
[White "Ogunshola, Ben"]
[Black "Woods, Timothy J"]
[Result "1-0"]
[WhiteElo "2147"]
[BlackElo "1645"]
[PlyCount "67"]
[EventDate "2017.04.29"]
[WhiteTeam "The Pitstop"]
[BlackTeam "Sussex Martlets 3"]

1. c4 g6 2. Nc3 Bg7 3. g3 d6 4. Bg2 Nc6 5. Rb1 a5 6. a3 e5 7. d3 f5 8. b4 axb4
9. axb4 Nf6 10. b5 Ne7 11. Nf3 O-O 12. Bg5 h6 13. Bxf6 Bxf6 14. Qc2 g5 15. Nd5
Bg7 16. Nxe7+ Qxe7 17. Nd2 Kh8 18. O-O Qf7 19. Ra1 Rxa1 20. Rxa1 e4 21. Ra8 Qh5
22. Nb3 exd3 23. Qxd3 Qf7 24. Nd2 b6 {(=)} 25. Ra7 Be6 26. Bd5 Rc8 27. Nf3 Bxd5
28. cxd5 Kh7 29. g4 Kg6 30. Nd2 Re8 31. Nc4 Re4 32. gxf5+ Qxf5 33. Ne3 Qf4 34.
Ra4 1-0

[Event "4NCL Division 4 South"]
[Site "Reading, ENG"]
[Date "2017.04.29"]
[Round "9.92"]
[White "Hamilton, Michael J"]
[Black "Froom, Oliver"]
[Result "0-1"]
[WhiteElo "1631"]
[BlackElo "1943"]
[PlyCount "66"]
[EventDate "2017.04.29"]
[WhiteTeam "Sussex Martlets 3"]
[BlackTeam "The Pitstop"]

1. c4 e5 2. g3 Nc6 3. Bg2 g6 4. Nc3 Bg7 5. e4 d6 6. Nge2 Nge7 7. O-O O-O 8. d3
Be6 9. Nd5 Qd7 10. Be3 b6 11. Qd2 Rae8 12. b4 f5 13. Rac1 Nd8 14. Nxe7+ Rxe7
15. exf5 gxf5 16. f4 c6 17. c5 bxc5 18. bxc5 d5 19. fxe5 Bxe5 20. d4 Bg7 21.
Nf4 Bf7 22. Nd3 Rfe8 23. Bf2 Re2 24. Qa5 Ne6 25. Qa4 Ng5 26. Rce1 Rxe1 27. Bxe1
Bh5 28. Nf4 Bf3 29. Bf2 Bxg2 30. Kxg2 Ne4 31. Nd3 Nxf2 32. Rxf2 Re4 33. Ne5
Bxe5 0-1

[Event "4NCL Division 4 South"]
[Site "Reading, ENG"]
[Date "2017.04.29"]
[Round "9.93"]
[White "Green, George D A"]
[Black "Littlehales, Alexander"]
[Result "1-0"]
[WhiteElo "1840"]
[BlackElo "1697"]
[PlyCount "65"]
[EventDate "2017.04.29"]
[WhiteTeam "The Pitstop"]
[BlackTeam "Sussex Martlets 3"]

1. Nf3 Nf6 2. c4 g6 3. Nc3 Nc6 4. d4 d5 5. e3 Bg7 6. Be2 O-O 7. O-O e6 8. Qc2
Re8 9. b3 b6 10. Bb2 Bb7 11. Rfd1 Qe7 12. Rac1 Rac8 13. a3 a5 14. cxd5 exd5 15.
Bb5 Qd6 16. Ne2 Red8 17. Bxc6 Ba6 18. Nf4 Bh6 19. Nd3 Qe6 20. b4 Bc4 21. Nfe5
axb4 22. Nxb4 Rb8 23. Nxc4 dxc4 24. d5 Qd6 25. Qxc4 Rdc8 26. Qh4 Bg7 27. e4 Nh5
28. Bxg7 Kxg7 29. Na6 Nf4 30. Qg4 Ra8 31. Nxc7 Qxc7 32. d6 Qd8 33. Bxa8 1-0

[Event "4NCL Division 4 South"]
[Site "Reading, ENG"]
[Date "2017.04.29"]
[Round "9.94"]
[White "Howell, Matthew G"]
[Black "Fernando, Manel"]
[Result "1-0"]
[WhiteElo "1524"]
[BlackElo "1599"]
[PlyCount "65"]
[EventDate "2017.04.29"]
[WhiteTeam "Sussex Martlets 3"]
[BlackTeam "The Pitstop"]

1. e4 e5 2. Nf3 d6 3. Bc4 Nc6 4. c3 Be7 5. d4 Bg4 6. Be3 Nf6 7. Nbd2 d5 8. exd5
Nxd5 9. Qb3 Na5 10. Qa4+ c6 11. Bxd5 Qxd5 12. c4 Qd8 13. b4 Bxf3 14. gxf3 exd4
15. Bf4 Nxc4 16. Nxc4 b5 17. Qa6 bxc4 18. Qxc6+ Kf8 19. Qxc4 Rc8 20. Qa6 Bxb4+
21. Kf1 Qd7 22. Kg2 g5 23. Qh6+ Kg8 24. Be5 f5 25. Qf6 g4 26. Qxh8+ Kf7 27.
Qxh7+ Ke6 28. Qxd7+ Kxd7 29. Bxd4 a5 30. fxg4 Rc4 31. Rhd1 Ke6 32. gxf5+ Kxf5
33. Rac1 1-0

[Event "4NCL Division 4 South"]
[Site "Reading, ENG"]
[Date "2017.04.29"]
[Round "9.95"]
[White "Sloan, Hamish"]
[Black "Kaya, Batuhan"]
[Result "1/2-1/2"]
[WhiteElo "1505"]
[BlackElo "1432"]
[PlyCount "121"]
[EventDate "2017.04.29"]
[WhiteTeam "The Pitstop"]
[BlackTeam "Sussex Martlets 3"]

1. e4 e5 2. Nf3 Nc6 3. Bb5 a6 4. Ba4 Nf6 5. O-O b5 6. Bb3 Bc5 7. Re1 d6 8. h3
Be6 9. c3 O-O 10. d4 Bxb3 11. axb3 exd4 12. b4 Bb6 13. Nxd4 Bxd4 14. cxd4 Nxb4
15. Bg5 h6 16. Bh4 g5 17. Bg3 c5 18. dxc5 dxc5 19. Bd6 Re8 20. f3 Qb6 21. Kh1
Rad8 22. e5 Nd7 23. Qb3 Re6 24. Nc3 Nd3 25. Nd5 c4 26. Qxd3 cxd3 27. Nxb6 Nxb6
28. Red1 Nc4 29. Rxd3 Nxd6 30. exd6 Rdxd6 31. Rxd6 Rxd6 32. Kg1 Kf8 33. Kf1 Re6
34. Rd1 Ke7 35. Rd2 Rd6 36. Rc2 Kd7 37. Kf2 Rc6 38. Rd2+ Kc7 39. Re2 Kb6 40.
Kg3 f5 41. f4 a5 42. fxg5 hxg5 43. Re5 Rf6 44. h4 gxh4+ 45. Kxh4 b4 46. Kg5 Rf8
47. Kf4 a4 48. Ke3 a3 49. bxa3 bxa3 50. Kf4 Ra8 51. Re1 a2 52. Ra1 Kb5 53. Kxf5
Kb4 54. g4 Kb3 55. g5 Kb2 56. Rxa2+ Kxa2 57. g6 Kb3 58. g7 Kc4 59. Kf6 Kd5 60.
Kf7 Ra7+ 61. Kf6 1/2-1/2